Questions-réponses sur Arles (Vol. I) - Statistiques

Statistiques générales
  • Ce quiz a été pris 122 fois
  • Le résultat moyen est 10 sur 15
Statistiques - réponses
Questions Réponses % Correct
Fleuve qui arrose Arles Le Rhône
100%
Artiste-peintre néerlandais qui séjourna en Arles en 1888 et 1889 Vincent Van Gogh
96%
Édifice romain et principale attraction touristique de la ville construit vers 80-90 après Jésus-Christ Les arènes
95%
Région sauvage qui s'étend au sud de la ville. La commune d'Arles couvre la majeure partie de cette région faisant d'elle la plus grande commune de France métropolitaine par sa superficie La Camargue
94%
Ancienne province dont Arles faisait partie en 1789 La Provence
76%
Auteur de la nouvelle L'Arlésienne, parue en 1869. Personnage que l'on décrit mais qui reste à jamais invisible. Alphonse Daudet
71%
Plaine semi-aride qui s'étend au sud-est de la ville avec une végétation unique que l'on appelle les coussouls. La Crau
71%
Le Félibrige était une école littéraire dont le quartier général se trouvait en Arles. Ils œuvraient entre autre à la préservation et à la purification de cette langue dialectale. L'Occitan
70%
Village situé à environ 10 kilomètres au nord-est du centre d'Arles où l'on peut trouver le moulin du précédent. Fontvieille
67%
Berger chargé de la surveillance de troupeaux de chevaux élevés en semi liberté principalement dans la région référée à la question #3. Le gardian
61%
Membre fondateur du Félibrige qui reçut le Prix Nobel de Littérature en 1904 Frédéric Mistral
58%
Compositeur qui mit L'Arlésienne en musique Georges Bizet
58%
Artiste-peintre français post-impressionniste qui accepta l'invitation du précédent de le rejoindre en Arles Paul Gauguin
50%
Film d'Henri Colpi sorti en 1970, le dernier de Fernandel, dont une scène de corrida a été tournée en Arles Heureux qui comme Ulysse
31%
Nom donné à l'opposition royaliste arlésienne qui prirent le contrôle de la ville pendant la Révolution française et défia la république. La Chiffone
28%
Aucun quiz correspondant
Distribution des résultats
% des personnes avec chaque résultat
Percentile par nombre de réponses
Votre historique - résultats
Vous n’avez pas pris ce quiz